=LDR 00000nam 2200000 4500 =001 INLIS000000000016673 =005 20130612111933 =008 ***********************************Ind** =035 ##$$0010-061300000016673 =041 ##$$a Ind =082 ##$$a 353.959 855 =090 ##$$a Ado s =100 ##$$a Adonis, Tito =850 ##$$a NBPNMAT